MARC

Tag First Indicator Second Indicator Subfields
LEADER 00000cam a2200000 a 4500
001 in00000897828
005 20150924113554.0
008 900330s1990 dcu b f00000 eng d
010 |a gp 90012062  
020 |c $2.00 
035 |a (OCoLC)21287359 
035 |9 AEN9389AM 
037 |a 052-003-01181-6  |b GPO 
040 |a NSF  |c NSF  |d GPO  |d UtOrBLW 
043 |a n-us--- 
074 |a 1070-M 
086 0 |a Y 3.T 22/2:2 C 73/14 
088 |a OTA-BP-CIT-61 
090 |a QA76.754  |b .C6 1990 
245 0 0 |a Computer software & intellectual property. 
264 1 |a Washington, D.C. :  |b Congress of the U.S., Office of Technology Assessment :  |c [1990] 
264 2 |a Washington, D.C. :  |b For sale by the Supt. of Docs., U.S. G.P.O., 
300 |a vi, 29 pages ;  |c 26 cm. 
336 |a text  |b txt  |2 rdacontent 
337 |a unmediated  |b n  |2 rdamedia 
338 |a volume  |b nc  |2 rdacarrier 
490 1 |a Background paper 
500 |a Shipping list number: 90-167-P. 
500 |a "March 1990"--P. [4] of cover. 
504 |a Includes bibliographical references. 
500 |a "OTA-BP-CIT-61"--P. [4] of cover. 
650 0 |a Computer software  |x Patents. 
650 0 |a Intellectual property  |z United States. 
650 0 |a Conflict of laws  |x Intellectual property  |z United States. 
650 0 |a Computer software industry  |z United States. 
710 1 |a United States.  |b Congress.  |b Office of Technology Assessment. 
740 0 |a Computer software and intellectual property. 
830 0 |a Background paper (United States. Congress. Office of Technology Assessment) 
999 |a MARS 
999 f f |s 95305337-81ba-3cb3-99fe-1afb7992f112  |i 86cc84e8-954d-3af4-8f54-f95e16dd13e7  |t 0 
952 f f |p normal  |a Texas A&M University  |b College Station  |c Sterling C. Evans Library  |d Evans: US Documents (Annex 5th floor)  |t 0  |e Y 3.T 22/2: 2 C 73/14  |h Superintendent of Documents classification  |i unmediated -- volume  |m A14814253735 
998 f f |a Y 3.T 22/2: 2 C 73/14  |t 0  |l Evans: US Documents (Annex 5th floor)